LEADER 03790nam 2200697Ia 450 001 9910463274503321 005 20211007222610.0 010 $a0-8232-5188-8 010 $a0-8232-5291-4 010 $a0-8232-5124-1 024 7 $a10.1515/9780823251889 035 $a(CKB)3170000000060591 035 $a(EBL)3239806 035 $a(SSID)ssj0000938527 035 $a(PQKBManifestationID)11613763 035 $a(PQKBTitleCode)TC0000938527 035 $a(PQKBWorkID)10920259 035 $a(PQKB)10334723 035 $a(StDuBDS)EDZ0000173352 035 $a(MiAaPQ)EBC3239806 035 $a(OCoLC)846997935 035 $a(MdBmJHUP)muse22171 035 $a(DE-B1597)554984 035 $a(DE-B1597)9780823251889 035 $a(Au-PeEL)EBL3239806 035 $a(CaPaEBR)ebr10687099 035 $a(EXLCZ)993170000000060591 100 $a20121214d2013 uy 0 101 0 $aeng 135 $aurnn#---|u||u 181 $ctxt 182 $cc 183 $acr 200 10$aIslam and the challenge of civilization$b[electronic resource] /$fAbdelwahab Meddeb ; translated by Jane Kuntz 205 $a1st ed. 210 $aNew York $cFordham University Press$d2013 215 $a1 online resource (192 p.) 300 $aDescription based upon print version of record. 311 0 $a0-8232-5123-3 320 $aIncludes bibliographical references. 327 $tFront matter --$tContents --$tPrologue: Religion and Violence --$t1. The Koran as Myth --$t2. The Clash of Interpretations --$t3. On the Arab Decline --$t4. Civilization or Extinction --$t5. Enlightenment between High and Low Voltage --$t6. The Physics and Metaphysics of Nature --$tEpilogue: Religion and Cosmopolitics --$tAppendix A: The veil unveiled: dialogue with Christian Jambet --$tAppendix B: Obama in Cairo --$tNotes 330 $aAbdelwahab Meddeb makes an urgent case for an Islamic reformation, located squarely in Western Europe, now home to millions of Muslims, where Christianity and Judaism have come to coexist with secular humanism and positivist law. He is not advocating ?moderate? Islam, which he characterizes as thinly disguised Wahabism, but rather an Islam inspired by the great Sufi thinkers, whose practice of religion was not bound by doctrine. To accomplish this, Meddeb returns to the doctrinal question of the text as transcription of the uncreated word of God and calls upon Muslims to distinguish between Islam?s spiritual message and the temporal, material, and historically grounded origins of its founding scriptures. He contrasts periods of Islamic history?when philosophers and theologians engaged in lively dialogue with other faiths and civilizations and contributed to transmitting the Hellenistic tradition to early modern Europe?with modern Islam?s collective amnesia of this past. Meddeb wages a war of interpretations in this book, in his attempt to demonstrate that Muslims cannot join the concert of nations unless they set aside outmoded notions such as jihad and realize that feuding among the monotheisms must give way to the more important issue of what it means to be a citizen in today?s postreligious global setting. 606 $aIslam$y21st century 606 $aIslamic civilization 606 $aMuslims$zNon-Muslim countries 606 $aIslamic renewal 608 $aElectronic books. 615 0$aIslam 615 0$aIslamic civilization. 615 0$aMuslims 615 0$aIslamic renewal. 676 $a297.2/709051 700 $aMeddeb$b Abdelwahab$0443216 701 $aKuntz$b Jane$01053217 801 0$bMiAaPQ 801 1$bMiAaPQ 801 2$bMiAaPQ 906 $aBOOK 912 $a9910463274503321 996 $aIslam and the challenge of civilization$92485003 997 $aUNINA LEADER 04424nam 2200565 450 001 9910796625003321 005 20230814221609.0 010 $a3-11-045417-3 024 7 $a10.1515/9783110456356 035 $a(CKB)4100000001965700 035 $a(MiAaPQ)EBC5157369 035 $a(DE-B1597)460377 035 $a(OCoLC)1020699307 035 $a(DE-B1597)9783110456356 035 $a(Au-PeEL)EBL5157369 035 $a(CaPaEBR)ebr11500892 035 $a(EXLCZ)994100000001965700 100 $a20180214h20182018 uy 0 101 0 $ager 135 $aurcnu|||||||| 181 $2rdacontent 182 $2rdamedia 183 $2rdacarrier 200 00$aSprachverarbeitung im Zweitspracherwerb /$fherausgegeben von Sarah Schimke und Holger Hopp 210 1$aBerlin, [Germany] ;$aBoston, [Massachusetts] :$cDe Gruyter,$d2018. 210 4$d©2018 215 $a1 online resource (356 pages) 225 1 $aDaZ-Forschung,$x2192-371X ;$vBand 13 311 $a3-11-045180-8 311 $a3-11-045635-4 327 $tFrontmatter -- $tInhalt -- $tEinleitung: Fragestellungen, Modelle und Methoden in der L2-Verarbeitungsforschung / $rHopp, Holger / Schimke, Sarah -- $tI. Sprache und Gehirn -- $tNeurophysiologische Verfahren zur Untersuchung der Verarbeitung einer L2 / $rMueller, Jutta L. -- $tII. Wörter -- $tDie Erkennung gesprochener Wörter in einer L2 / $rWeber, Andrea / Broersma, Mirjam -- $tGenuserwerb und -verarbeitung in einer L2 / $rBordag, Denisa / Pechmann, Thomas -- $tMorphologische Verarbeitung bei L2-Lernern / $rJacob, Gunnar -- $tIII. Sätze -- $tDie Rolle des Trochäus bei der L1- und L2-Satzverarbeitung im Deutschen / $rSchmidt-Kassow, Maren / Roncaglia-Denissen, M. Paula / Kotz, Sonja A. -- $tKasus- und Genusverarbeitung des Deutschen im Satzkontext / $rHopp, Holger -- $tDie Verarbeitung von Passivsätzen und OVS-Sätzen im kindlichen L2-Erwerb / $rCristante, Valentina / Schimke, Sarah -- $tIV. Kontexte: Pronomen -- $tVerarbeitung von Pronomen bei erwachsenen L2-Lernern / $rFelser, Claudia -- $tL1-Einfluss und allgemeine Lernereffekte bei der Auflösung ambiger Pronomen in einer L2 / $rSchimke, Sarah / Colonna, Saveria / Fuente, Israel de la / Hemforth, Barbara -- $tDie Interpretation anaphorischer Pronomina bei Kindern im L1- und frühen L2-Erwerb / $rKlages, Hana / Gerwien, Johannes -- $tV. Perspektiven -- $tZusammenhänge zwischen Attrition der L1 und L2-Erwerb / $rTimmermeister, Mona / Schmid, Monika S. -- $tZusammenhänge zwischen der Sprachverarbeitung und dem Erwerb neuer Strukturen bei erwachsenen L2-Lernern / $rJackson, Carrie / Fowler, Courtney Johnson / Gavin, Bianca / Henry, Nick -- $tSprache und Kognition: Sprachvergleichende und lernersprachliche Untersuchungen zur Ereigniskonzeptualisierung / $rFlecken, Monique / Stutterheim, Christiane v. 330 $aDie Forschung zur Online-Sprachverarbeitung bei Lernern einer Zweitsprache ist ein wichtiger Teilbereich der Zweitspracherwerbsforschung. Die meisten Publikationen zu diesem Thema wenden sich jedoch an ein spezialisiertes Publikum.Die Beiträge dieses Sammelbands bieten jeweils zu einem Teilbereich der Forschung zur Sprachverarbeitung des Deutschen als Zweitsprache einen Überblick über aktuelle Forschungsfragen, Methoden und zentrale Befunde und präsentieren zum Teil auch neue empirische Ergebnisse. Inhaltlich werden Fragestellungen zum lexikalischen Zugriff und zur morphosyntaktischen Verarbeitung ebenso abgedeckt wie zur Diskursproduktion und -rezeption.Insgesamt bietet der Band dadurch einen für ein breiteres Publikum zugänglichen Überblick über die Sprachverarbeitungsforschung insbesondere zum Deutschen als Zweitsprache. 410 0$aDaZ-Forschung ;$vBand 13. 606 $aGerman language$xStudy and teaching$xForeign speakers 606 $aSecond language acquisition$xComputer-assisted instruction 610 $aGerman as a second language. 610 $alanguage processing. 615 0$aGerman language$xStudy and teaching$xForeign speakers. 615 0$aSecond language acquisition$xComputer-assisted instruction. 676 $a438.0071 686 $aLAN009000$aFOR009000$2bisacsh 702 $aSchimke$b Sarah 702 $aHopp$b Holger 801 0$bMiAaPQ 801 1$bMiAaPQ 801 2$bMiAaPQ 906 $aBOOK 912 $a9910796625003321 996 $aSprachverarbeitung im Zweitspracherwerb$92642135 997 $aUNINA